EPISTEMOLOGIES OF THE SOUTH: JUSTICE AGAINST EPISTEMICIDE (Record no. 215920)

MARC details
000 -LEADER
fixed length control field 00583nam a22001697a 4500
008 - FIXED-LENGTH DATA ELEMENTS--GENERAL INFORMATION
fixed length control field 250717b |||||||| |||| 00| 0 eng d
020 ## - INTERNATIONAL STANDARD BOOK NUMBER
International Standard Book Number 978-1-61205-545-9
050 ## - LIBRARY OF CONGRESS CALL NUMBER
Classification number HM 651 .S26 2014
100 ## - MAIN ENTRY--PERSONAL NAME
Personal name SANTOS, BOAVENTUTA DE SOUSA
245 ## - TITLE STATEMENT
Title EPISTEMOLOGIES OF THE SOUTH: JUSTICE AGAINST EPISTEMICIDE
260 ## - PUBLICATION, DISTRIBUTION, ETC.
Place of publication, distribution, etc. NEW YORK, NY
Name of publisher, distributor, etc. ROUTLEDGE
Date of publication, distribution, etc. 2016
300 ## - PHYSICAL DESCRIPTION
Extent XI,240P.
500 ## - GENERAL NOTE
General note INCLUDES BIBLIOGRAPHICAL REFERENCES AND INDEX
650 ## - SUBJECT ADDED ENTRY
Topical term or geographic name entry element 1. KNOWLEDGE, SOCIOLOGY 2. SOCIAL EPISTEMOLOGY 3. SOCIAL JUSTICE-DEVELOPING COUNTRIES
942 ## - ADDED ENTRY ELEMENTS (KOHA)
Source of classification or shelving scheme Library of Congress Classification
Koha item type Long Loan Book
Holdings
Withdrawn status Lost status Source of classification or shelving scheme Damaged status Not for loan Collection Home library Current library Shelving location Date acquired Inventory number Total checkouts Full call number Barcode Date last seen Copy number Price effective from Koha item type
    Library of Congress Classification     Arts & Social Sciences Kisii University Library Kisii University Library On Display 07/17/2025 109272   HM 651 .S26 2014 000000023984 07/17/2025 1 07/17/2025 Long Loan Book
    Library of Congress Classification     Arts & Social Sciences Kisii University Library Kisii University Library On Display 07/17/2025 109273   HM 651 .S26 2014 000000023983 07/17/2025 2 07/17/2025 Long Loan Book
    Library of Congress Classification     Arts & Social Sciences Kisii University Library Kisii University Library On Display 07/17/2025 109274   HM 651 .S26 2014 000000023982 07/17/2025 3 07/17/2025 Long Loan Book
    Library of Congress Classification     Arts & Social Sciences Kisii University Library Kisii University Library On Display 07/17/2025 109275   HM 651 .S26 2014 000000018548 07/17/2025 4 07/17/2025 Long Loan Book
    Library of Congress Classification     Arts & Social Sciences Kisii University Library Kisii University Library On Display 07/17/2025 109276   HM 651 .S26 2014 000000018547 07/17/2025 5 07/17/2025 Long Loan Book